| 000 | 00897nam a2200301Ia 4500 | ||
|---|---|---|---|
| 003 | OSt | ||
| 005 | 20220928115122.0 | ||
| 006 | a|||||r|||| 00| 0 | ||
| 007 | ta | ||
| 008 | 220927b |||||||| |||| 00| 0 eng d | ||
| 020 | _cUKP 44.99 | ||
| 024 | _a139524 | ||
| 037 |
_b124, 07/02/2019, Classic Book Service _cTextual |
||
| 040 |
_aSDCL _cSDCL _beng |
||
| 041 |
_2eng _aeng |
||
| 082 | _aX652:(B), Q8 | ||
| 100 |
_aMazzoni Thomas _9443116 |
||
| 245 | 0 | _aFirst course in quantitative finance | |
| 260 |
_aNew Delhi _bCambridge university press _c2018 |
||
| 300 |
_ax,588p. _ccm. |
||
| 650 | _a Derivatives | ||
| 650 | _a Financial Markets | ||
| 650 |
_a LIBOR _9443117 |
||
| 650 |
_a Portfolio theory _9443118 |
||
| 650 | _aFinancial Studies | ||
| 942 |
_hX652:(B), Q8 _cTEXL _2CC |
||
| 999 |
_c758274 _d758274 |
||